[Event "HILITO"]
[Site "http://www.queenalice.com/game.php?id=756822"]
[Date "2010.4.5"]
[Round "2"]
[White "Calamas"]
[Black "josa23"]
[Result "1-0"]
[WhiteElo "2414"]
[BlackElo "1940"]

1. e4 e5 2. Nf3 Nc6 3. Bb5 d6 4. d4 Bd7 5. d5 Nce7 6. Nc3 Nf6 7. Qd3 a6 8. Bxd7+
Qxd7 9. O-O Ng6 10. h3 Be7 11. Qe2 O-O 12. Be3 c6 13. Rfd1 c5 14. a3 b5 15. Re1
Rfe8 16. b4 cxb4 17. axb4 Nh5 18. Qd3 Nhf4 19. Bxf4 Nxf4 20. Qe3 Qd8 21. Ne2 Bg5
22. Qc3 Rc8 23. Qb3 Ra8 24. c4 Nxe2+ 25. Rxe2 Be7 26. Rc2 Qb6 27. c5 dxc5 28.
Qe3 Rac8 29. Rac1 Qc7 30. bxc5 Bf6 31. Ra1 a5 32. d6 Qa7 33. Qa3 a4 34. c6 Re6
35. c7 Qb6 36. Rd1 b4 37. d7 Rf8 38. Qxa4 b3 39. Rc3 b2 40. Rb1 Be7 41. c8=Q Bd6
42. Qaa8 Be7 43. Rxb2 Qxb2 44. Qxf8+ Bxf8 45. Qxf8+ Kxf8 46. Rc8+ Ke7 47. d8=Q#
1-0

[Event "AUTO-MASTER-945"]
[Site "http://www.queenalice.com/game.php?id=764667"]
[Date "2010.4.22"]
[Round "2"]
[White "forth_generation"]
[Black "Calamas"]
[Result "1-0"]
[WhiteElo "2376"]
[BlackElo "2422"]

1. e4 c6 2. d4 d5 3. Nc3 dxe4 4. Nxe4 Nd7 5. Bc4 Ngf6 6. Ng5 e6 7. Ne2 h6 8. Nf3
Be7 9. a4 O-O 10. O-O Nd5 11. Re1 Qc7 12. Bb3 Rd8 13. c4 Nb4 14. Bf4 Qa5 15. Nc3
Nf6 16. Be5 b6 17. Qe2 Bb7 18. Rad1 Rd7 19. Ne4 Nxe4 20. Qxe4 Kh8 21. c5 Ba6 22.
Bxe6 fxe6 23. Bxg7+ Kxg7 24. Ne5 Bg5 25. Nxd7 Rd8 26. Qe5+ Kh7 27. Nf6+ Kg6 28.
Nh5 1-0

[Event "AUTO-MASTER-945"]
[Site "http://www.queenalice.com/game.php?id=764668"]
[Date "2010.4.22"]
[Round "2"]
[White "Calamas"]
[Black "forth_generation"]
[Result "1/2-1/2"]
[WhiteElo "2325"]
[BlackElo "2398"]

1. e4 c5 2. Nf3 Nc6 3. d3 e6 4. g3 d5 5. Nbd2 Nf6 6. Bg2 Be7 7. O-O O-O 8. Re1
Qc7 9. Qe2 Bd7 10. e5 Ng4 11. Nb3 a5 12. a4 Qb6 13. Bf4 c4 14. dxc4 dxc4 15.
Nbd2 Qxb2 16. Nxc4 Qc3 17. Rad1 Rad8 18. Nd6 Bxd6 19. Rxd6 Bc8 20. Rdd1 Nh6 21.
Qe3 Qxe3 22. Bxe3 Rxd1 23. Rxd1 Ng4 24. Bb6 Ncxe5 25. Nxe5 Nxe5 26. Bxa5 f6 27.
Bb4 Re8 28. a5 Nf7 29. Rd3 Rd8 30. f4 Rxd3 31. cxd3 Nh6 32. Bc5 Nf5 33. g4 Nh4
34. Be4 f5 35. gxf5 Nxf5 36. Kf2 g6 37. d4 Kf7 38. d5 exd5 39. Bxd5+ Kf6 40. Bb4
Ne7 41. Bf3 h5 42. Be4 Nf5 43. Kf3 Nd4+ 44. Ke3 Nf5+ 45. Kd3 g5 46. fxg5+ Kxg5
47. Bf3 Kh4 48. Bd2 Kh3 49. Bf4 h4 50. Kc4 Ng7 51. Kb5 Ne6 52. Be5 Ng5 53. Bd5
Kg4 54. Kb6 Nf3 55. Bxb7 Bxb7 56. Kxb7 Nxe5 57. a6 Nf3 58. a7 Nxh2 59. a8=Q h3
60. Qg8+ Kf3 61. Qd5+ Kg3 62. Qe5+ Kg2 63. Qg5+ Kf2 64. Qh4+ Kg2 65. Kc6 Nf1 66.
Qe4+ Kf2 67. Kd5 Ng3 68. Qc2+ Kg1 69. Qd1+ 1/2-1/2

[Event "AUTO-MASTER-945"]
[Site "http://www.queenalice.com/game.php?id=764671"]
[Date "2010.4.22"]
[Round "2"]
[White "Calamas"]
[Black "killtochess"]
[Result "1-0"]
[WhiteElo "2407"]
[BlackElo "2136"]

1. e4 e5 2. Nf3 Nc6 3. Bb5 a6 4. Ba4 Nf6 5. O-O b5 6. Bb3 Be7 7. c3 O-O 8. Re1
d5 9. exd5 Nxd5 10. Nxe5 Nxe5 11. Rxe5 c6 12. d3 Bd6 13. Re1 Qh4 14. g3 Qh3 15.
Re4 Qd7 16. Nd2 f5 17. Re2 Bb7 18. c4 f4 19. cxd5 c5 20. Re6 fxg3 21. hxg3 1-0

[Event "AUTO-MASTER-945"]
[Site "http://www.queenalice.com/game.php?id=764672"]
[Date "2010.4.22"]
[Round "2"]
[White "killtochess"]
[Black "Calamas"]
[Result "0-1"]
[WhiteElo "2109"]
[BlackElo "2412"]

1. d4 c6 2. e4 d5 3. Nc3 dxe4 4. Nxe4 Nd7 5. Qe2 Ndf6 6. Nf3 Nxe4 7. Qxe4 Nf6 8.
Qh4 Bf5 9. c3 e6 10. Ne5 Be7 11. Qg3 O-O 12. Be2 Ne4 13. Qe3 f6 14. Nd3 e5 15.
O-O Qd5 16. Bf3 exd4 17. cxd4 Bd6 18. Nf4 Bxf4 19. Qxf4 Rfe8 20. h4 Re7 21. Be3
Rae8 22. Rac1 g6 23. Rc5 Qxa2 24. Rxf5 gxf5 25. Qxf5 Qd5 26. Bxe4 Qxe4 27. Qxf6
Re6 28. Qf4 Qxf4 29. Bxf4 Re2 30. Be5 Rxb2 31. f4 Ra2 32. f5 a5 33. g4 b5 34. g5
c5 35. g6 hxg6 36. fxg6 cxd4 37. Bxd4 Re4 38. Bf6 Rg4+ 0-1

[Event "AUTO-ELITE-430"]
[Site "http://www.queenalice.com/game.php?id=772605"]
[Date "2010.5.8"]
[Round "2"]
[White "Calamas"]
[Black "Pollyanna"]
[Result "0-1"]
[WhiteElo "2398"]
[BlackElo "2502"]

1. e4 e5 2. Nf3 Nf6 3. Bc4 Nxe4 4. Nc3 Nc6 5. O-O Nxc3 6. dxc3 h6 7. Qd5 Qf6 8.
Re1 d6 9. Bb5 Bd7 10. Nd4 Nd8 11. Bxd7+ Kxd7 12. Nb3 a5 13. Be3 a4 14. Nd2 Qe6
15. Qb5+ Kc8 16. Rac1 f5 17. Nc4 d5 18. Na3 Nc6 19. Qe2 Bxa3 20. bxa3 g5 21. Rb1
b6 22. Rb5 Na5 23. Bd4 Nc4 24. Rb4 Re8 25. Qh5 Ra5 26. f3 Rg8 27. Qh3 Kb7 28.
Re2 Qf7 29. Bf2 h5 30. Kh1 g4 31. fxg4 hxg4 32. Qh6 Rg6 33. Qh5 f4 34. Rxe5 Nxe5
35. Qxe5 g3 36. hxg3 Qh7+ 37. Kg1 Rh6 38. Be1 Rh1+ 39. Kf2 Qxc2+ 40. Qe2 fxg3+
41. Ke3 Qc1+ 42. Bd2 Qxa3 43. Kf3 Qxa2 0-1

[Event "AUTO-ELITE-430"]
[Site "http://www.queenalice.com/game.php?id=772608"]
[Date "2010.5.8"]
[Round "2"]
[White "Calamas"]
[Black "isaacfieri"]
[Result "1-0"]
[WhiteElo "2328"]
[BlackElo "2406"]

1. e4 c6 2. d4 d5 3. e5 Bf5 4. h4 h5 5. Bd3 Bxd3 6. Qxd3 Qa5+ 7. Nc3 Qa6 8. e6
Qxd3 9. cxd3 Nh6 10. Nf3 fxe6 11. O-O Nd7 12. Re1 Nf5 13. Rxe6 Kf7 14. Re2 g6
15. Bf4 Bg7 16. Rae1 Bf6 17. Bg5 Rhe8 18. g3 Bh8 19. Be3 Bf6 20. Bg5 Bh8 21. Re6
Nf8 22. R6e2 e6 23. Be3 Bf6 24. Kg2 Rac8 25. Na4 b6 26. Rc2 e5 27. dxe5 Bxe5 28.
Bxb6 Bxg3 29. Rxe8 Kxe8 30. Re2+ Kf7 31. fxg3 axb6 32. Nxb6 Rb8 33. Na4 Nd7 34.
Ng5+ Kg7 35. a3 Rb3 36. Ne6+ Kf7 37. Nac5 Nxc5 38. Nxc5 Rb5 39. b4 Nd4 40. Rb2
Ke7 41. a4 Rb8 42. a5 Kd6 43. a6 1-0

[Event "AUTO-ELITE-430"]
[Site "http://www.queenalice.com/game.php?id=772609"]
[Date "2010.5.8"]
[Round "2"]
[White "isaacfieri"]
[Black "Calamas"]
[Result "1/2-1/2"]
[WhiteElo "2436"]
[BlackElo "2325"]

1. c4 c6 2. Nf3 d5 3. g3 Nf6 4. Bg2 dxc4 5. O-O Nbd7 6. Qc2 Nb6 7. Nc3 g6 8. Rd1
Nbd5 9. Ne5 Bg7 10. Nxc4 Be6 11. d4 Nxc3 12. Qxc3 Nd5 13. Qe1 O-O 14. e4 Nb6 15.
Na5 Qd7 16. Qb4 Bg4 17. f3 Be6 18. Be3 Rad8 19. Nb3 Nc4 20. Nc5 Qc8 21. Bf2 b6
22. Nxe6 Qxe6 23. f4 c5 24. dxc5 Bxb2 25. Rxd8 Rxd8 26. f5 gxf5 27. exf5 Qxf5
28. Rf1 Qc2 29. cxb6 Ba3 30. Qb3 Qxb3 31. axb3 Nxb6 32. Ra1 Bb4 33. Rxa7 Rd1+
34. Bf1 Nd5 35. Kg2 Rd2 36. Kg1 Rd1 1/2-1/2

[Event "AUTO-ADV-1479"]
[Site "http://www.queenalice.com/game.php?id=790135"]
[Date "2010.6.15"]
[Round "2"]
[White "dequeue"]
[Black "Calamas"]
[Result "0-1"]
[WhiteElo "1897"]
[BlackElo "2389"]

1. e4 c6 2. d4 d5 3. Nc3 dxe4 4. Nxe4 Nd7 5. Ng5 Ngf6 6. Bd3 e6 7. N1f3 Bd6 8.
Qe2 h6 9. Ne4 Nxe4 10. Qxe4 Qc7 11. O-O Nf6 12. Qe2 O-O 13. Ne5 c5 14. c3 Nd5
15. Bd2 f6 16. Ng6 Rd8 17. Qh5 cxd4 18. cxd4 Bd7 19. Qh4 a6 20. Rac1 Bc6 21.
Rfe1 Qf7 22. a3 Rac8 23. Qh3 Re8 24. b4 Bd7 25. Qh5 Bb5 26. Be4 Bc4 27. g4 b5
28. Rc2 f5 29. Bf3 fxg4 30. Bxd5 Bxd5 31. Rxc8 Rxc8 32. Nf4 Qxh5 33. Nxh5 Rc2
34. Bf4 Be7 35. Re3 Rc1+ 0-1

[Event "AUTO-ADV-1479"]
[Site "http://www.queenalice.com/game.php?id=790136"]
[Date "2010.6.15"]
[Round "2"]
[White "Calamas"]
[Black "dequeue"]
[Result "1-0"]
[WhiteElo "2390"]
[BlackElo "1895"]

1. e4 d5 2. exd5 Nf6 3. c4 c6 4. Nc3 cxd5 5. d4 g6 6. cxd5 Nxd5 7. Qb3 Nf6 8.
Bb5+ Nbd7 9. Bc4 e6 10. Nf3 a6 11. O-O Nb6 12. Bd3 Bg7 13. Bg5 O-O 14. Ne4 Nbd5
15. Ne5 h6 16. Bh4 Nf4 17. Nxf6+ Bxf6 18. Bxf6 Qxf6 19. g3 Nd5 20. Be4 Rd8 21.
Rac1 Qe7 22. Rc5 a5 23. Rfc1 Qe8 24. Bxd5 exd5 25. Rc7 Be6 26. Qe3 g5 27. h4 f6
28. Qd3 Bd7 29. Ng4 Kg7 30. R1c5 b6 31. R5c6 Qe1+ 32. Kg2 Qe7 33. Nxf6 Qxf6 34.
Rxf6 Kxf6 35. Qh7 gxh4 36. Rxd7 Rxd7 37. Qxd7 Rg8 38. Qd6+ Kf7 39. Qxd5+ Kf6 40.
Qxg8 1-0

[Event "AUTO-ADV-1479"]
[Site "http://www.queenalice.com/game.php?id=790141"]
[Date "2010.6.15"]
[Round "2"]
[White "Calamas"]
[Black "ravague"]
[Result "1-0"]
[WhiteElo "2401"]
[BlackElo "1901"]

1. e4 e5 2. Nf3 d6 3. Bc4 h6 4. O-O Nf6 5. d4 Bg4 6. dxe5 Bxf3 7. Qxf3 dxe5 8.
Qb3 Bd6 9. Bxf7+ Ke7 10. Bg6 Rf8 11. Qxb7 Nbd7 12. Qb5 c5 13. Nc3 Rb8 14. Qe2
Qb6 15. a4 a6 16. Rd1 c4 17. Qxc4 Ng4 18. Nd5+ 1-0

[Event "AUTO-ADV-1479"]
[Site "http://www.queenalice.com/game.php?id=790142"]
[Date "2010.6.15"]
[Round "2"]
[White "ravague"]
[Black "Calamas"]
[Result "0-1"]
[WhiteElo "1899"]
[BlackElo "2402"]

1. e4 c6 2. f4 d5 3. e5 Bf5 4. Nf3 Nh6 5. Be2 e6 6. O-O Nd7 7. d4 Be7 8. Nc3 Bg4
9. Qe1 Nf5 10. Qf2 Bxf3 11. Bxf3 Nxd4 12. Kh1 Nf5 13. b3 O-O 14. Bb2 Bc5 15. Qe2
Qh4 16. Qe1 Qxf4 17. Bc1 Qxe5 18. Bg4 Bd4 19. Bd2 Ne3 0-1

[Event "AUTO-ADV-1479"]
[Site "http://www.queenalice.com/game.php?id=790143"]
[Date "2010.6.15"]
[Round "2"]
[White "Calamas"]
[Black "Lopesq"]
[Result "1-0"]
[WhiteElo "2400"]
[BlackElo "1750"]

1. e4 c5 2. Nf3 Nc6 3. d3 e6 4. g3 Be7 5. Bg2 d6 6. Nbd2 Nf6 7. O-O O-O 8. Re1
e5 9. c3 b5 10. a4 b4 11. Nc4 bxc3 12. bxc3 Na5 13. Rb1 Nxc4 14. dxc4 a6 15. Qd3
Bd7 16. Nh4 Nh5 17. Nf5 Bxf5 18. exf5 Nf6 19. Bxa8 Qxa8 20. Bg5 e4 21. Qc2 d5
22. f3 exf3 23. Rxe7 Ng4 24. h3 f2+ 25. Kf1 d4 26. hxg4 Qh1+ 27. Ke2 f1=Q+ 28.
Rxf1 Qg2+ 29. Rf2 Qxg3 30. Re4 h6 31. Bd2 Rd8 32. cxd4 cxd4 33. Qd3 Qd6 34. Ba5
Rd7 35. Re8+ Kh7 36. f6+ g6 37. Qh3 d3+ 38. Kf1 Qa3 39. Rh8+ Kxh8 40. Qxh6+ 1-0

[Event "AUTO-ADV-1479"]
[Site "http://www.queenalice.com/game.php?id=790144"]
[Date "2010.6.15"]
[Round "2"]
[White "Lopesq"]
[Black "Calamas"]
[Result "0-1"]
[WhiteElo "1806"]
[BlackElo "2403"]

1. d4 c6 2. c3 d5 3. Nf3 Nf6 4. Bf4 Nh5 5. Bxb8 Rxb8 6. e3 g6 7. Be2 Bg7 8. Nbd2
Qd6 9. Nb3 O-O 10. Nc5 e5 11. Nb3 e4 12. Nfd2 Nf6 13. O-O b6 14. c4 a5 15. c5
bxc5 16. dxc5 Qc7 17. Rb1 Nd7 18. Bg4 a4 19. Nd4 Nxc5 20. Bxc8 Rfxc8 21. b4 axb3
22. N4xb3 Na4 23. Nd4 Nc3 24. Rxb8 Nxd1 25. Rxc8+ Qxc8 26. Rxd1 c5 27. N4b3 c4
28. Nd4 Bxd4 29. exd4 Qa6 30. Nf1 Qxa2 31. Ne3 c3 32. Rc1 Qb2 33. Rf1 c2 34.
Nxc2 Qxc2 35. h3 Qd3 36. Ra1 Qxd4 37. Rf1 Qd2 38. Ra1 d4 39. Ra8+ Kg7 40. Ra1 d3
41. Rf1 Qe2 42. Ra1 d2 0-1

[Event "QA-ANNIV-06"]
[Site "http://www.queenalice.com/game.php?id=791081"]
[Date "2010.6.16"]
[Round "1"]
[White "falekhine"]
[Black "Calamas"]
[Result "1-0"]
[WhiteElo "2051"]
[BlackElo "2406"]

1. d4 c6 2. c4 d5 3. e3 Nf6 4. Nc3 a6 5. a3 Be6 6. Nf3 dxc4 7. Ng5 Bd5 8. e4 h6
9. exd5 hxg5 10. Bxc4 cxd5 11. Qa4+ Nc6 12. Be2 g4 13. Bg5 e6 14. Bxg4 Qb6 15.
Bxf6 Qxb2 16. O-O Qxc3 17. Rfc1 Qa5 18. Qxa5 Nxa5 19. Bg5 Nb3 20. Rcb1 Nxa1 21.
Rxa1 Bd6 22. h3 f6 23. Bd2 f5 24. Be2 Rc8 25. Ra2 Rh4 26. Be3 f4 27. Bd2 f3 28.
Bxf3 Rxd4 29. Be3 Ra4 30. g3 Rxa3 31. Re2 Kf7 32. Bg4 Rc6 33. Kg2 1-0

[Event "HILITO"]
[Site "http://www.queenalice.com/game.php?id=793237"]
[Date "2010.6.21"]
[Round "3"]
[White "HILITO"]
[Black "Calamas"]
[Result "0-1"]
[WhiteElo "2079"]
[BlackElo "2415"]

1. e4 c6 2. d4 d5 3. e5 Bf5 4. h4 Nh6 5. Bxh6 gxh6 6. g4 Bc8 7. Nc3 Qb6 8. Na4
Qa5+ 9. c3 Nd7 10. b4 Qc7 11. g5 b5 12. Nc5 Nxc5 13. bxc5 Bg7 14. Qd2 b4 15.
cxb4 Bxe5 16. Ne2 Bg7 17. f4 hxg5 18. hxg5 h6 19. gxh6 Rxh6 20. Rxh6 Bxh6 21.
Kf2 Ba6 22. Bg2 O-O-O 23. a4 Bxe2 24. Kxe2 Bxf4 25. Qd3 Rg8 26. Bf3 e5 27. Qf5+
Kb8 28. dxe5 Bxe5 29. Rd1 Qe7 30. Kd3 Rg5 31. Qh3 Qf6 32. Qf1 Rg3 33. Ke2 Bd4
34. Rxd4 Qxd4 35. Qf2 Qc4+ 36. Ke1 Qf4 37. Ke2 d4 38. Bh5 d3+ 0-1

[Event "Challenge"]
[Site "http://www.queenalice.com/game.php?id=800632"]
[Date "2010.7.8"]
[Round "-"]
[White "Sidinei"]
[Black "Calamas"]
[Result "1-0"]
[WhiteElo "2560"]
[BlackElo "2327"]

1. e4 c6 2. d4 d5 3. e5 Bf5 4. Nf3 e6 5. Be2 Ne7 6. O-O Ng6 7. h3 h5 8. c4 dxc4
9. Bxc4 Be7 10. Nc3 Nd7 11. Re1 O-O 12. Bd3 Bxd3 13. Qxd3 Nb6 14. Qc2 Nd5 15.
Ne4 Nb4 16. Qd1 Nd5 17. a4 a5 18. h4 Bb4 19. Nfg5 Bxe1 20. Qxh5 Re8 21. Ra3
Bxf2+ 22. Nxf2 Re7 23. Qh7+ Kf8 24. Rf3 Ke8 25. Nfe4 Kd7 26. Nc5+ Kc7 27. Rxf7
Kb6 28. Qxg6 1-0

[Event "Challenge"]
[Site "http://www.queenalice.com/game.php?id=800633"]
[Date "2010.7.8"]
[Round "-"]
[White "Calamas"]
[Black "Sidinei"]
[Result "0-1"]
[WhiteElo "2330"]
[BlackElo "2570"]

1. e4 e5 2. Nf3 Nc6 3. Bb5 a6 4. Ba4 Nf6 5. O-O b5 6. Bb3 Bb7 7. d3 Bc5 8. a4
O-O 9. Nc3 Nd4 10. Nxe5 Nxb3 11. cxb3 b4 12. Ne2 d5 13. d4 Be7 14. exd5 Re8 15.
Re1 Nh5 16. Nf4 Nxf4 17. Bxf4 Qxd5 18. Nf3 Bd6 19. Bxd6 Qxd6 20. Re3 Rxe3 21.
fxe3 Re8 22. Qe2 Qe6 23. Rc1 Bxf3 24. Qxf3 Qxe3+ 25. Qxe3 Rxe3 26. Rxc7 Kf8 27.
Ra7 Rxb3 28. Rxa6 Rxb2 29. Rb6 h5 30. Rb7 g6 31. d5 Kg7 32. Rb6 b3 33. h3 Ra2
34. Rxb3 Rxa4 35. Kf2 Kf6 36. Rb7 Rd4 37. Rd7 Rd2+ 38. Kg3 g5 0-1

[Event "AUTO-OPEN-1658"]
[Site "http://www.queenalice.com/game.php?id=808247"]
[Date "2010.7.25"]
[Round "3"]
[White "Calamas"]
[Black "rheenz"]
[Result "0-1"]
[WhiteElo "2375"]
[BlackElo "2473"]

1. e4 e5 2. Nf3 Nc6 3. Bb5 Nf6 4. O-O Bc5 5. c3 O-O 6. d4 Bb6 7. Nxe5 Nxe5 8.
dxe5 Nxe4 9. Nd2 d5 10. Bd3 f5 11. Nf3 Qe7 12. h3 a5 13. c4 dxc4 14. Bxc4+ Be6
15. Qb3 Bxc4 16. Qxc4+ Qf7 17. Qa4 Qe6 18. Be3 Bxe3 19. fxe3 Qb6 20. Qc4+ Rf7
0-1

[Event "AUTO-OPEN-1658"]
[Site "http://www.queenalice.com/game.php?id=808248"]
[Date "2010.7.25"]
[Round "3"]
[White "rheenz"]
[Black "Calamas"]
[Result "1-0"]
[WhiteElo "2467"]
[BlackElo "2385"]

1. e4 c6 2. Nc3 d5 3. Nf3 dxe4 4. Nxe4 Nd7 5. Bc4 Ngf6 6. d3 Nb6 7. Bb3 Nxe4 8.
dxe4 Qxd1+ 9. Kxd1 f6 10. Ke2 e5 11. Be3 Nd7 12. Be6 Nc5 13. Bxc8 Rxc8 14. Nd2
Rd8 15. Rhd1 Be7 16. a4 Kf7 17. f3 a6 18. c3 Ne6 19. Bb6 Rb8 20. Nb3 g6 21. Na5
1-0

[Event "HILITO"]
[Site "http://www.queenalice.com/game.php?id=869514"]
[Date "2010.12.8"]
[Round "4"]
[White "Kiwizany"]
[Black "Calamas"]
[Result "1/2-1/2"]
[WhiteElo "2335"]
[BlackElo "2328"]

1. Nf3 g6 2. c4 c5 3. e4 Nc6 4. d4 cxd4 5. Nxd4 Nf6 6. Nc3 Nxd4 7. Qxd4 d6 8.
Be3 Bg7 9. f3 Bd7 10. Be2 Qa5 11. Qd2 b6 12. a3 O-O 13. O-O Rac8 14. b4 Qh5 15.
a4 Be6 16. Rac1 Bd7 17. Nb5 a6 18. Nc3 a5 19. b5 Be6 20. Nd5 Bxd5 21. exd5 Rb8
22. Bg5 h6 23. f4 Ng4 24. Bxg4 Qxg4 25. Bxe7 Rfe8 26. Bxd6 Rbc8 27. Be5 Bxe5 28.
fxe5 Rxe5 29. Qf2 Rf5 30. Qxb6 Rxf1+ 31. Rxf1 Qxc4 32. d6 Qd5 33. h3 Rc2 34. Rf2
Rc1+ 35. Kh2 Qe5+ 36. g3 Qd5 37. Rg2 Rb1 38. h4 Qd1 39. Qg1 Qd3 40. Qa7 Qd1 41.
Qa8+ Kg7 42. Ra2 g5 43. Qg2 Qxd6 44. Rd2 Qe5 45. Re2 Qd4 46. Re4 Qd3 47. hxg5
hxg5 48. Qe2 Qxe2+ 49. Rxe2 Rb4 50. Rf2 f6 51. Kg2 Rxa4 52. Rb2 Rd4 53. b6 Rd8
54. Kf3 a4 55. Ke4 Kg6 56. g4 a3 57. Rb3 Rb8 58. Rxa3 1/2-1/2